| 000 | 01405nam a2200325 i 4500 | ||
|---|---|---|---|
| 001 | 197040 | ||
| 003 | SpMaBN | ||
| 005 | 20250814063304.0 | ||
| 008 | 250319s2023 sp | |||| 000 0 spa | ||
| 015 | _aMON24 | ||
| 017 |
_aLU 112-2023 _bOficina Depósito Legal Lugo |
||
| 020 | _a9788409536047 | ||
| 035 | _a(SpMaBN)a7417915 | ||
| 040 |
_aSpMaBN _bspa _cSpMaBN _erda |
||
| 245 | 0 |
_aEl pueblo de Bailén : _bdescripción de la batalla y del auxilio que en ella dieron los vecinos : María Bellido : la heroína de Bailén / _cAntonio José Carerro, Manuel López Pérez. |
|
| 264 | 1 |
_bJosé Luis Puche Castillejo, _c2023. |
|
| 300 |
_a181 páginas ; _c23 cm. |
||
| 336 |
_aTexto _2rdacontent |
||
| 337 |
_asin mediación _2rdamedia |
||
| 338 |
_avolumen _2rdacarrier |
||
| 490 | 1 | _aBiblioteca Bailén BiBa | |
| 600 | 1 | 4 |
_aBellido Vallejos, María Inés Juliana, _d1755-1809 _9241743 |
| 650 | 7 |
_9145672 _aBailén, Batalla de, 1808 |
|
| 852 |
_aES-MaACL _cDEPOJ _jN-10422 _gDedicatoria autógrafa de José Luis Puche _hDonación: José Luis Puche _xEncuadernación rústica con solapas _9206546 |
||
| 903 |
_aPuche, José Luis _ednr |
||
| 942 |
_cMONOGRAFIA _n0 |
||
| 999 |
_c197040 _d197040 |
||